| 000 | 00392 a2200169 4500 | ||
|---|---|---|---|
| 003 | OSt | ||
| 005 | 20231213111055.0 | ||
| 008 | 231213b |||||||| |||| 00| 0 eng d | ||
| 020 | _a9788119283149 | ||
| 040 | _c | ||
| 082 | _2620.004/BOR | ||
| 100 |
_aBorra,Sarabjit _9106 |
||
| 245 | _aModern Metrology | ||
| 260 |
_bBio-green books _c2024 |
||
| 264 | _bBio-green books | ||
| 942 |
_2ddc _cBK |
||
| 999 |
_c35992 _d35992 |
||